Online Public Access Catalogue

Practical Sonography in Obstetrics and Gynecology (Record no. 2099)

MARC details
000 -LEADER
fixed length control field 00465nam a2200145Ia 4500
082 ## - DEWEY DECIMAL CLASSIFICATION NUMBER
Classification number WQ 209
100 ## - MAIN ENTRY--PERSONAL NAME
Author Name Seeds, John W.
245 #0 - TITLE STATEMENT
Title Practical Sonography in Obstetrics and Gynecology
Statement of responsibility, etc. Seeds, John W.
250 ## - EDITION STATEMENT
Edition statement 2nd
260 ## - PUBLICATION, DISTRIBUTION, ETC.
Place of publication, distribution, etc. Philadelphia
Name of publisher, distributor, etc. Lippincott
Date of publication, distribution, etc. 1996
300 ## - PHYSICAL DESCRIPTION
No of Pages 308
650 ## - SUBJECT ADDED ENTRY--TOPICAL TERM
Subject Ultrasonography, Prenatal. Pregnancy Complications_ultrasonography. Genital Diseases, Female_ultraso
942 ## - ADDED ENTRY ELEMENTS (KOHA)
Koha item type Books
952 ## - LOCATION AND ITEM INFORMATION (KOHA)
-- 2018-03-16
Holdings
Withdrawn status Lost status Damaged status Not for loan Home library Current library Shelving location Date acquired Total Checkouts Full call number Barcode Date last seen Koha item type
        Islamabad Medical and Dental College Islamabad Medical and Dental College Islamabad Medical and Dental College 16/03/2018   WQ 209 2938 16/03/2018 Books

Copyright @ IMDC Library
Islamabad Medical and Dental College
Bhara Kahu, Islamabad

  Contact the Librarian, IMDC
  Email:: library@imdcollege.edu.pk

  OPAC Customized by
  Mazhar Hussain,
  Librarian:
  Islamabad Medical and Dental College
  Email:: library@imdcollege.edu.pk